Revitalizace slezského industriálního dědictví /

Další autoři: Náhlovský, Martin, 1985-, Kiszka, Josef, 1952-2022, Šafářová, Vendula, 1976-
Jazyk: Čeština
Vydáno: Ostrava : Vysoká škola báňská - Technická univerzita Ostrava, 2014
Vydání: 1. vyd.
Témata:
Fyzický popis: 60 s. : il. (převážně barev.), 1 mapa ; 30 cm
Knihy
Uloženo v:
LEADER 02310nam a2200613 a 4500
001 nkc20142625012
003 CZ PrNK
005 20141208084057.0
007 ta
008 140917s2014 xr ab e 000 0 cze
015 |a cnb002625012 
020 |a 978-80-248-3548-8  |q (brož.) :  |c neprodejné 
035 |a (OCoLC)900135341 
040 |a BOA001  |b cze 
043 |a e-pl---  |a e-xr---  |b e-xr-sl  |2 czenas 
045 |a y1y1 
072 7 |a 72  |x Architektura  |2 Konspekt  |9 21 
080 |a 930.85:338.45  |2 MRF 
080 |a 69.059.25  |2 MRF 
080 |a 69.01/.03:72.025.5  |2 MRF 
080 |a 72.012  |2 MRF 
080 |a (437.3)  |2 MRF 
080 |a (438)  |2 MRF 
080 |a (437.33+438)  |2 MRF 
080 |a (079)371.27  |2 MRF 
080 |a (084.12)  |2 MRF 
245 0 0 |a Revitalizace slezského industriálního dědictví /  |c [sestavili Martin Náhlovský, Josef Kiszka, Vendula Šafářová] 
250 |a 1. vyd. 
260 |a Ostrava :  |b Vysoká škola báňská - Technická univerzita Ostrava,  |c 2014 
300 |a 60 s. :  |b il. (převážně barev.), 1 mapa ;  |c 30 cm 
500 |a 100 výt. 
648 7 |a 2011-2020  |7 ch460589  |2 czenas 
650 0 7 |a průmyslové dědictví  |7 ph816327  |z Slezsko  |2 czenas 
650 0 7 |a revitalizace budov  |7 ph632346  |2 czenas 
650 0 7 |a konverze staveb  |7 ph221977  |2 czenas 
650 0 7 |a projektové návrhy  |7 ph135307  |z Česko  |y 2011-2020  |2 czenas 
650 0 7 |a projektové návrhy  |7 ph135307  |z Polsko  |y 2011-2020  |2 czenas 
650 0 9 |a industrial heritage  |z Silesia  |2 eczenas 
650 0 9 |a building renewal  |2 eczenas 
650 0 9 |a building conversion and renovation  |2 eczenas 
650 0 9 |a design projects  |z Czechia  |y 2011-2020  |2 eczenas 
650 0 9 |a design projects  |z Poland  |y 2011-2020  |2 eczenas 
655 7 |a studentské práce  |7 fd186738  |2 czenas 
655 7 |a fotografické publikace  |7 fd132276  |2 czenas 
655 9 |a student papers  |2 eczenas 
655 9 |a photographical works  |2 eczenas 
700 1 |a Náhlovský, Martin,  |d 1985-  |7 mzk2014848134  |4 com 
700 1 |a Kiszka, Josef,  |d 1952-2022  |7 xx0088714  |4 com 
700 1 |a Šafářová, Vendula,  |d 1976-  |7 jo2006324843  |4 com 
910 2 |a BOA001  |b 4-1335.520 
990 |a BK 
995 |a 01 
991 |b 201411  |c NOV  |e n 
996 6 |b 2610612340  |c 4-1335.520  |l MZK  |r Sklad / do 1 hodiny  |n 1  |p p.v.  |w 001472501  |u 000010  |a 1  |e BOA001  |j MZK50  |s P